|
|
|
|
| LEADER |
00978nam a2200241 a 4500 |
| 008 |
090809s1995 enk b 000 1 eng d |
| 020 |
|
|
|a 0192838601
|
| 040 |
|
|
|a DLC
|c DLC
|d DLC
|d OCoLC
|d DLC
|
| 082 |
0 |
0 |
|a 823/.912
|2 20
|
| 100 |
1 |
|
|a Lawrence, D. H.
|q (David Herbert),
|d 1885-1930.
|
| 245 |
1 |
0 |
|a Sons and lovers /
|c D.H. Lawrence ; edited with an introduction and notes by David Trotter.
|
| 260 |
|
|
|a Oxford :
|b Oxford University Press,
|c 1995.
|
| 300 |
|
|
|a xxxvii, 484 p. ;
|c 20 cm.
|
| 490 |
0 |
|
|a Oxford world's classics
|
| 504 |
|
|
|a Includes bibliographical references.
|
| 541 |
1 |
|
|e 00011873
|
| 650 |
|
0 |
|a Working class families
|x Fiction.
|
| 650 |
|
0 |
|a Young men
|x Fiction.
|
| 651 |
|
0 |
|a England
|x Fiction.
|
| 700 |
1 |
|
|a Trotter, David.
|
| 852 |
4 |
|
|a Ayesha Abed Library
|j General shelf
|
| 999 |
|
|
|c 3672
|d 3672
|
| 952 |
|
|
|0 0
|1 0
|2 ddc
|4 0
|6 823_912000000000000_LAW
|7 0
|9 3332
|a BRACUL
|b BRACUL
|c GEN
|d 2009-09-03
|g 753.00
|l 4
|m 31
|o 823.912 LAW
|p 3010011873
|r 2024-10-29
|s 2024-10-27
|t 1
|w 2009-09-03
|y BK
|x $8.95
|